Groups of Things - NBA - Statistics

General Stats
  • This quiz has been taken 282 times
    261 since last reset
  • The average score is 34 of 59
Answer Stats
Group Answer % Correct
Clippers Homes(Town) Los Angeles (1984–present)
97%
Golden State Warriors Superteam Stephen Curry
94%
Golden State Warriors Superteam Klay Thompson
91%
NBA Season Awards Most Valuable Player of the Year
91%
Golden State Warriors Superteam Draymond Green
90%
Golden State Warriors Superteam Kevin Durant
90%
NBA Teams w/ No Championships Brooklyn Nets
89%
Lakers Showtime Stars Magic Johnson
89%
NBA Teams w/ No Championships Charlotte Hornets
85%
New Orleans Current and Former Team Names Hornets (2002-2013)
85%
NBA Teams w/ No Championships New Orleans Pelicans
85%
New Orleans Current and Former Team Names Pelicans (2013–present)
85%
Lakers Showtime Stars Kareem Abdul-Jabbar
82%
All-Star Weekend Main Events Three-Point Contest
78%
NBA Commissioners Adam Silver
77%
NBA Season Awards Rookie of the Year
77%
NBA Season Awards Most Defensive Player of the Year
76%
All-Star Weekend Main Events All-Star Game
75%
NBA Teams w/ No Championships Orlando Magic
73%
Foreign Season MVP's Dirk Nowitzki
71%
Banana Boat Team Lebron James
71%
NBA Season Awards Most Improved Player of the Year
71%
Malice in the Palace Suspendees Ron Artest
68%
Foreign Season MVP's Giannis Antetokounmpo
67%
NBA Teams w/ No Championships Utah Jazz
66%
New Orleans Current and Former Team Names Jazz (1974–1979)
65%
NBA Teams w/ No Championships Los Angeles Clippers
65%
NBA Commissioners David Stern
64%
Banana Boat Team Dwyane Wade
63%
NBA Teams w/ No Championships Memphis Grizzlies
61%
NBA Season Awards Sixth Man of the Year
61%
Foreign Season MVP's Steve Nash
61%
NBA Season Awards Coach of the Year
60%
NBA Teams w/ No Championships Minnesota Timberwolves
60%
Banana Boat Team Carmelo Anthony
58%
Lakers Showtime Stars James Worthy
58%
NBA Teams w/ No Championships Phoenix Suns
58%
Foreign Season MVP's Hakeem Olajuwon
55%
NBA Teams w/ No Championships Denver Nuggets
54%
Banana Boat Team Chris Paul
53%
All-Star Weekend Main Events Slam Dunk Contest
51%
Malice in the Palace Suspendees Ben Wallace
50%
Malice in the Palace Suspendees Anthony Johnson
49%
All-Star Weekend Main Events Skills Challenge
42%
Foreign Season MVP's Tim Duncan
41%
All-Star Weekend Main Events Rising Stars Challenge
39%
Malice in the Palace Suspendees Reggie Miller
34%
Malice in the Palace Suspendees Jermaine O'Neal
32%
Clippers Homes(Town) San Diego (1978–1984)
32%
Malice in the Palace Suspendees Chauncey Billups
29%
Malice in the Palace Suspendees Stephen Jackson
27%
Clippers Homes(Town) Buffalo (1970-1978)
22%
NBA Season Awards Executive of the Year
17%
NBA Commissioners Larry O'Brien
14%
NBA Commissioners Maurice Podoloff
5%
NBA Commissioners J. Walter Kennedy
4%
Malice in the Palace Suspendees David Harrison (Community Service)
2%
Malice in the Palace Suspendees Derrick Coleman
2%
Malice in the Palace Suspendees Elden Campbell
2%
No matching quizzes found
Score Distribution
Percent of People with Each Score
Percentile by Number Answered
Your Score History
You have not taken this quiz since the last reset